DIGITAL PHOTOGRAPHY

Bibliographic Details
Main Author: Toman, Miroslav (Author)
Format: Article
Language:English
ISBN:8022711616

MARC

LEADER 00000naa a2200000uu 4500
001 vtls010959049
003 SK-MaSNL
005 20260302132007.0
008 210905|1998 xo |||||||||||||||||eng|
015 |a SNBRA 
035 |a (urnnbn)urn:nbn:sk:snk:ar-a0bq8c 
035 |a (uuid)a885fd44-5138-4bac-887e-842344532db0 
035 |a urn:nbn:sk:snk-aauhxp 
040 |a SNKBUCL  |b slo  |c SNKBUCL  |e AACR2 
041 0 |a eng 
044 |a xo  |c SK 
100 1 |a Toman, Miroslav  |4 aut  |9 6629 
245 1 0 |a DIGITAL PHOTOGRAPHY  |c Miroslav Toman 
773 0 |t Multimedia and telematics  |d Bratislava : Slovak University of Technology, 1998, 1998  |g S. 28-39  |z 8022711616 
958 |a OND 
958 |a article11 
958 |a chapter 
999 |c 1311413  |d 1313343